| 000 | 01406nam a22003377a 4500 | ||
|---|---|---|---|
| 001 | BRCA_9351 | ||
| 003 | FranzMayer | ||
| 005 | 20230913114825.0 | ||
| 008 | 230908b |||||||| |||| 00| 0 eng d | ||
| 020 | _a9788412215526 | ||
| 040 |
_aMFM _bESPAÑOL _cMFM |
||
| 050 | 0 |
_aNK2216 _bA87 2020 |
|
| 100 | 1 |
_4Autor _aPiera, Mónica _929754 |
|
| 110 | 1 |
_4Responsable _aAssociació per a l'estudi del moble _929755 |
|
| 240 |
_aRooted in the Earth _h30 Furniture Pieces Selected from a Private Collection _lInglés |
||
| 245 | 0 |
_aRooted in the Earth _b30 Furniture Pieces Selected from a Private Collection |
|
| 260 |
_aBarcelona, España _bAssociació per a l'estudi del moble _c2020 |
||
| 300 |
_a141 p _bIlustraciones a color _c26 cm |
||
| 500 | _aIncluye una dedicatoria al inicio del libro, para el Museo Franz Mayer | ||
| 500 | _aL60/N6 | ||
| 505 | _aTexto en: inglésIncluye índice temáticoIncluye bibliografíaDirigido a: historiadores de arte, artistas | ||
| 650 | 1 |
_2Artes decorativas _aMuebles _vOrnamentación _929756 |
|
| 651 | 2 |
_2Muebles _aColección y galerías _vExposiciones de muebles _929757 |
|
| 700 | 1 |
_4Foto _aCasals, Lluís _929758 |
|
| 700 | 1 |
_4Textos _aRamon, Artur _929759 |
|
| 700 | 1 |
_4Textos _aSurroca, Angel _929760 |
|
| 700 | 1 |
_4Trad _aFontanals, Marta _929761 |
|
| 700 | 1 |
_4Trad _aMestres, Albert _929762 |
|
| 700 | 1 |
_4Trad. _aSmith, Christian _929763 |
|
| 942 |
_2lcc _cB |
||
| 999 |
_c11063 _d11063 |
||